| 000 | 01109nam a22002897a 4500 | ||
|---|---|---|---|
| 001 | 4642 | ||
| 003 | FISKH | ||
| 005 | 20250506162753.0 | ||
| 008 | 240918b cb ||||| |||| 00| 0 eng d | ||
| 040 |
_aFISKH _bKhmer _cFISKH _dFISKH |
||
| 050 | _aPZ7 | ||
| 082 | _a800 | ||
| 100 |
_aReaksmey, Am _eauthor |
||
| 245 |
_aលេងពួន / _cby Reaksmey Am |
||
| 250 | _aបោះពុម្ពលើកទី១ខែកក្កដា ឆ្នាំ២០០៧ | ||
| 260 |
_aភ្នំពេញ : _b កិច្ចសហប្រតិបត្តិការអភិវឌ្ឍន៍ប៊ែលហ្ស៊ិក ; _c២០០៧ . |
||
| 300 |
_a8 pages : _bcolor illustrations ; _c25 cm . |
||
| 505 | _aC | ||
| 520 | _aក្មេងៗនៅជនបទលេងបិទពួន ។ | ||
| 520 | _aThe rural children play hide and seek . | ||
| 521 | 8 |
_a100
_bLexile estimate |
|
| 521 | 8 |
_aC
_bRAz-Plus |
|
| 650 |
_aនៅទីនេះ _vរឿងនិទានកុមារ |
||
| 650 |
_ahere _vchildren's stories |
||
| 942 |
_2ddc _cKHB _n0 |
||
| 999 |
_c4642 _d4642 |
||